|
|
|
|
| LEADER |
00000nab a2200000 a 4500 |
| 001 |
vtls011472022 |
| 003 |
SK-MaSNL |
| 005 |
20260318114953.0 |
| 008 |
160211c2015 xo er p 000 c0ukr |
| 015 |
|
|
|a SNBRB2016/02
|
| 038 |
|
|
|a SVKPOCL
|
| 040 |
|
|
|a SVKPOCL
|b slo
|c SVKPOCL
|e AACR2
|
| 041 |
0 |
|
|a ukr
|
| 044 |
|
|
|a xo
|c SK
|
| 080 |
|
|
|a 80(=16)+908(4)
|2 2011
|
| 080 |
|
|
|a 80(=161.25)+908(437.6)
|2 2011
|
| 080 |
|
|
|a 728.81
|2 2011
|
| 080 |
|
|
|a 625.173
|2 2011
|
| 080 |
|
|
|a (042.3)
|2 2011
|
| 080 |
|
|
|a (047)
|2 2011
|
| 245 |
0 |
0 |
|a O zamku na Makovici
|c [avtor] (-red-)
|
| 500 |
|
|
|a V rubrike Informačnŷj servis Z domova i zo svita
|
| 500 |
|
|
|a Vladimír Kaminský bol autorom prednášky o Zborovskom hrade
|
| 610 |
2 |
7 |
|a Zborov (Slovensko : hrad)
|2 svkpocl
|9 73969
|
| 610 |
2 |
7 |
|a Združenie inteligencie Rusínov Slovenska
|2 svkpocl
|9 58120
|
| 610 |
2 |
7 |
|a Občianske združenie na záchranu Zborovského hradu
|2 svkpocl
|9 1619039
|
| 610 |
2 |
7 |
|a Študentský domov Družba (Bratislava, Slovensko)
|2 svkpocl
|9 1326304
|
| 648 |
|
7 |
|a 25.11.2015
|2 svkpocl
|9 1111552
|
| 650 |
0 |
7 |
|a hrady
|2 svkpocl
|9 3039
|
| 650 |
0 |
7 |
|a rusinistika
|2 svkpocl
|9 90871
|
| 650 |
0 |
7 |
|a slavistika
|2 svkpocl
|9 4282
|
| 650 |
0 |
7 |
|a rekonštrukcie
|2 svkpocl
|9 24616
|
| 651 |
|
7 |
|a Zborov (Slovensko)
|2 svkpocl
|9 34657
|
| 651 |
|
7 |
|a Bardejov (Slovensko : okres)
|2 svkpocl
|9 28620
|
| 651 |
|
7 |
|a Bratislava (Slovensko)
|2 svkpocl
|9 14568
|
| 655 |
|
7 |
|a správy
|2 svkpocl
|9 70563
|
| 700 |
1 |
|
|a Kaminský, Vladimír
|4 oth
|9 596041
|
| 773 |
0 |
|
|t Info Rusyn
|g Roč. XII , č. 21 (2015), s. 5
|
| 852 |
|
|
|a SVKPO
|b KIS3GCP
|
| 856 |
4 |
1 |
|u www.rusyn.sk
|
| 958 |
|
|
|a RN
|
| 958 |
|
|
|a SK
|
| 958 |
|
|
|a SS
|
| 999 |
|
|
|c 3336088
|d 3338018
|